| 000 | 00523cam a2200157 4500500 | ||
|---|---|---|---|
| 005 | 20260111145840.0 | ||
| 041 | _afre | ||
| 042 | _adc | ||
| 100 | 1 | 0 |
_aDuquesne, Martine _eauthor |
| 700 | 1 | 0 |
_aVellard, Dominique _eauthor |
| 245 | 0 | 0 | _aLa mesure à l'œuvre, premiers questionnements… |
| 260 | _c2005. | ||
| 500 | _a9 | ||
| 786 | 0 | _nEthnologie française | 35 | 3 | 2005-09-01 | p. 389-392 | 0046-2616 | |
| 856 | 4 | 1 | _uhttps://shs.cairn.info/revue-ethnologie-francaise-2005-3-page-389?lang=fr&redirect-ssocas=7080 |
| 999 |
_c1636539 _d1636539 |
||